| 000 | 00652nam a2200241 a 4500 | ||
|---|---|---|---|
| 001 | nice12345678 | ||
| 003 | IN_TiNIC | ||
| 005 | 20260116015338.0 | ||
| 008 | 100205s2003 swea grp 000 0 eng | ||
| 020 |
_a _c500 |
||
| 082 | 0 | 0 |
_a291.4 _bLUN |
| 100 | _aLundstrom, Ed Klas | ||
| 245 | _aChurch Life and Theological Education in Tamil Nadu | ||
| 260 |
_aSweden _bSweedish Institute of Mission Research _c2003 |
||
| 300 | _a315p | ||
| 500 | _aincludes index and biblioraphy | ||
| 650 | _aChristianity and Hinduism | ||
| 650 | _aComparative Religion | ||
| 700 | 1 | _aLundstrom, Ed Klas | |
| 902 | _bSRS | ||
| 942 | _cBK | ||
| 999 |
_c19322 _d19322 |
||